| 000 | 01093cad a22002175a 4500 | ||
|---|---|---|---|
| 001 | L158613 | ||
| 008 | 120208s xxk f 000 0 eng d | ||
| 035 | _a(Sirsi) u158613 | ||
| 041 | 0 | _aeng | |
| 110 | 2 |
_aKPMG International _95143 |
|
| 245 | 0 | 0 |
_aGlobal construction survey _h[electronic resource] |
| 260 |
_a[S.l.] _bKPMG _c |
||
| 520 | _aKPMG International's Global Construction Survey has provided a great illustration of how the global engineering and construction industry has evolved since 2005. Touching on topics from risk management and underperforming projects to new sectors and opportunities, this flagship publication has provided clients and advisors with critical insights into the trends and issues affecting the industry. | ||
| 590 | _aKA NTK | ||
| 651 | 4 | _aInternational | |
| 690 |
_aConstruction management _96230 |
||
| 690 |
_aInfrastructure _96246 |
||
| 690 |
_aEnergy _96237 |
||
| 856 | 4 | 0 |
_uhttps://www.kpmg.com/Global/en/IssuesAndInsights/ArticlesPublications/global-construction-survey/Pages/Default.aspx _zView this item free of charge at www.kpmg.com |
| 942 | _n0 | ||
| 999 |
_c121033 _d121033 |
||